header

The thin line (Record no. 82212)

MARC details
000 -LEADER
fixed length control field 01094nam a2200301 a 4500
100 1# - MAIN ENTRY--AUTHOR NAME
Personal name Salafranca, Arja,
245 14 - TITLE STATEMENT
Title The thin line
260 ## - PUBLICATION, DISTRIBUTION, ETC. (IMPRINT)
Place of publication Athlone, South Africa :
Name of publisher Modjaji Books,
Year of publication 2010.
300 ## - PHYSICAL DESCRIPTION
Number of Pages 216 p.
500 ## - GENERAL NOTE
General note Short stories.
650 #0 - SUBJECT ADDED ENTRY--TOPICAL TERM
Topical Term American fiction
856 40 - ELECTRONIC LOCATION AND ACCESS
Uniform Resource Identifier http://site.ebrary.com/lib/rucke/Doc?id=10405181

No items available.

© 2026 Rongo University
Contact us: librarian | system librarian | Rongo university